000
00488nam a2200145Ia 4500
008
151213s9999 xx 000 0 und d
100
_a
শামছুল ইসলাম।
245
_a
কনে সুন্দরী আলো।
_c
শামছুল ইসলাম।
260
_a
ঢাকা
_b
কণিক।
_c
1992
300
_a
8813 p.
650
_a
Bangla
650
_a
কবিতা গ্রন্থ।
700
_a
শামছুল ইসলাম।
999
_c
4598
_d
4598